01385cam a22004454i 4500003000900000005001700009008004100026035001900067040004300086082002000129100002800149245004600177264003200223300000500255336002100260337002500281338002300306505042200329526001000751526001000761526001000771526001000781526001000791526000900801526000900810526000900819526000900828526000900837526000900846526000900855526000900864526000900873526000900882526000800891526000800899526000800907526000800915526000800923526000800931PE-LiUPU20250731170436.0150625s r 000 0 d a(Sirsi) a31580 aPE-LiUPUbspacPE-LiUPUdPE-LiUPUerda04a153.93bL292211 aLauster, Peter,eautor.10aDesarrolle su capacidad /cPeter Lauster. 1aBilbao :bMensajero,c1973. a atext2rdacontent aunmediated2rdamedia avolume2rdacarrier0 a¿Tiene usted facilidad de expresión?. - ¿Posee tacto en el trato con las personas?. - Posee usted dotes para entablar relaciones con los demás? ¿Cuál es su capacidad?. - ¿Es usted capaz de pensar lógicamente?. - ¿Posee usted sentido creador?. - ¿Se puede concentrar usted bien?. - ¿Que tal se le da a usted el cálculo?. - ¿Posee usted una inteligencia práctica?. - ¿Posee usted sentido estetico?. aSEG68 aSEG70 aSEG69 aSEG67 aSEG43 aP144 aP143 aP131 aP122 aP120 aP117 aP112 aP110 aP106 aP101 aP80 aP59 aP54 aP35 aP33 aP30